000 00768nas a2200229 4500
001 BR0904473
003 BR-BrBNA
005 20231205113327.0
007 ta
008 230509b bl.|||p| |||| 00| 00por d
040 _aBR-BrBNA
_bpor
_cBiblioteca Nacional de Agricultura
041 _a(Pt)
072 _aH10
100 1 _aAngieri Filho, C.N.D.
100 1 _aCampos, V.P.
245 1 _aControle de Meloidogyne javanica em Jaborandi (Pilocurpus microphyllus)com Arthrobotrys conoides, Paecelomyces lilacunus e Verticillium chlamydosporium.
650 _aNEMATÓIDE
650 _aJABORANDI
773 0 _tNematologia Brasileira (Brazil)
_xISSN 0102-2997
_g(1997), v. 21(2) p. 23-30
_wBR0904473
909 _a202311
_bLúcia
_c55
_dLúcia Elande
942 _2AGRIS
_n0
_cANA
999 _c203152
_d203152